000 00529nam a2200181 a 4500
001 1772625971980
003 YourLibrary
005 20260304173725.0
008 260304s2010##################000#0#eng##
020 _a9781433103988
082 0 4 _a302.4
_bGIL
100 1 _aGiles, Howard,
_eauthor.
245 1 0 _aThe Dynamics of Intergroup Communication :
260 _bPeter Lang Incorporated, International Academic Publishers,
_c2010.
650 0 _aCommunication.
942 _cENGLISH
040 _aYourLibrary
_beng
_cYourLibrary
999 _c616917
_d616917